ロード中...
The complete works of Saki
| 第一著者: | |
|---|---|
| フォーマット: | Printed Book |
| 出版事項: |
Calcutta
Rupa
1997
|
| 主題: |
| LEADER | 00541nam a22001811a 4500 | ||
|---|---|---|---|
| 020 | |c 0.00 | ||
| 040 | |a SSUS - Library - Kalady | ||
| 082 | |a 820 |b SAK/C | ||
| 100 | |a Saki | ||
| 245 | |a The complete works of Saki |h [Text] | ||
| 260 | |a Calcutta |b Rupa |c 1997 | ||
| 300 | |a 944p. | ||
| 600 | |a Literature English | ||
| 600 | |a Literature | ||
| 852 | |h 820 |i SAK/C |p 3387 |9 195.00 |t 0 | ||
| 942 | |c BK | ||
| 999 | |c 8572 |d 8572 | ||
| 952 | |0 0 |1 0 |4 0 |6 820_000000000000000_SAK_C |7 0 |9 12694 |a SSUS |b SSUS |d 2015-01-08 |g 195.00 |o 820 SAK/C |p 3387 |r 2015-01-08 |v 0.00 |w 2015-01-08 |y BK | ||